000 00670nam a2200229Ia 4500
005 20250508165233.0
008 008 250505s9999 xx 000 0 eng d
020 _a978-1-4129-7522-3
037 _aReference
040 _aFEDL
_beng
_cFEDL
041 _aeng
_2eng
084 _a371.9, ALU/RR
_qFEDL
100 _aAlur Mithu
245 0 _aJourney for inclusive education in the Indian sub- continent
260 _aNew Delhi, India
_bRoutledge
_c2010
300 _axxii, 315p.
365 _aINR
_b795
490 _aRoutledge research in education
700 _a Bach Michael
_9780238
942 _cREF
_h371.9, ALU/RR
999 _c1393980
_d1393980